[Event "Sherbrooke"]
[Site "Sherbrooke CAN"]
[Date "1973.08.25"]
[Round "3"]
[White "Letourneau, Charles"]
[Black "Brodie, Hugh"]
[Result "1-0"]
[WhiteElo "2046"]
[BlackElo "1800"]
[PlyCount "63"]
[EventDate "1973.08.25"]
[EventType "swiss"]
[EventRounds "5"]
[EventCountry "CAN"]

1. e4 c5 2. Nc3 Nc6 3. g3 g6 4. Bg2 Bg7 5. d3 d6 6. Be3 Nf6 7. Qc1 h5 8. h3 Bd7
9. Nge2 Qa5 10. O-O O-O-O 11. Nd5 Nxd5 12. exd5 Nd4 13. Nxd4 cxd4 14. Bg5 f6
15. Bd2 Qa6 16. Re1 Rde8 17. a4 e5 18. dxe6 Bxe6 19. b4 d5 20. Qb2 f5 21. h4
Qd6 22. Bf4 Qd7 23. b5 Bf7 24. Qb4 b6 25. a5 Rxe1+ 26. Rxe1 Re8 27. Rxe8+ Bxe8
28. axb6 axb6 29. Qa3 Qb7 30. Qd6 Bf7 31. Be5 Bxe5 32. Qf8+ 1-0

[Event "Sherbrooke"]
[Site "Sherbrooke CAN"]
[Date "1973.08.26"]
[Round "4"]
[White "Brodie, Hugh"]
[Black "Lebel, Bernard"]
[Result "1-0"]
[WhiteElo "1800"]
[BlackElo "1600"]
[PlyCount "55"]
[EventDate "1973.08.25"]
[EventType "swiss"]
[EventRounds "5"]
[EventCountry "CAN"]

1. d4 Nf6 2. Nc3 g6 3. e4 Bg7 4. f4 e6 5. Nf3 d6 6. Bd3 c5 7. Be3 Ng4 8. Bg1 b6
9. Qd2 Nc6 10. dxc5 dxc5 11. h3 Nf6 12. O-O-O Bh6 13. g4 Bg7 14. Be3 O-O 15.
Qg2 Qc7 16. f5 Ne7 17. g5 exf5 18. gxf6 Bxf6 19. exf5 Nxf5 20. Bxf5 Bxf5 21.
Nd5 Qc6 22. Ng5 Rad8 23. Ne7+ Bxe7 24. Qxc6 Rxd1+ 25. Rxd1 Bxg5 26. Bxg5 Bxh3
27. Bh6 Re8 28. Qxe8# 1-0

[Event "Sherbrooke"]
[Site "Sherbrooke CAN"]
[Date "1973.08.26"]
[Round "5"]
[White "Roy, A."]
[Black "Brodie, Hugh"]
[Result "0-1"]
[WhiteElo "1600"]
[BlackElo "1800"]
[PlyCount "86"]
[EventDate "1973.08.25"]
[EventType "swiss"]
[EventRounds "5"]
[EventCountry "CAN"]

1. e4 c5 2. Nf3 Nc6 3. d4 cxd4 4. Nxd4 g6 5. Nxc6 bxc6 6. Qd4 Nf6 7. e5 Nd5 8.
c4 Nc7 9. e6 f6 10. exd7+ Bxd7 11. Bd3 e5 12. Qe3 Ne6 13. O-O Qc7 14. Nc3 O-O-O
15. Bd2 Bc5 16. Qe1 Nf4 17. Bxf4 exf4 18. Qd2 Kb8 19. Qc2 Qe5 20. Ne4 Bb6 21.
c5 Bc7 22. Ba6 Ka8 23. Nc3 f3 24. g3 Qh5 25. Kh1 Rhe8 26. Rfe1 Qh3 27. Bf1 Qh5
28. Ba6 Qxc5 29. Rxe8 Rxe8 30. Rd1 Qf5 31. Qb3 Rb8 32. Nb5 Rxb5 33. Bxb5 Qxb5
34. Qxf3 Qa4 35. Re1 Be5 36. b3 Qa6 37. Rc1 Kb7 38. Qg2 Qb5 39. f4 Bd4 40. Rc4
Bc5 41. h4 Be6 42. a4 Qa6 43. Re4 Bd5 0-1

[Event "Eastern Ontario op"]
[Site "Ottawa CAN"]
[Date "1973.06.30"]
[Round "1"]
[White "Brodie, Hugh"]
[Black "Benggawan, U."]
[Result "1-0"]
[WhiteElo "1800"]
[BlackElo "1600"]
[PlyCount "93"]
[EventDate "1973.06.30"]
[EventType "swiss"]
[EventRounds "6"]
[EventCountry "CAN"]

1. d4 Nf6 2. Nc3 d5 3. e4 Nxe4 4. Nxe4 dxe4 5. f3 exf3 6. Qxf3 c6 7. Be3 e6 8.
O-O-O Be7 9. Bd3 Nd7 10. Ne2 Nf6 11. Rdf1 h6 12. Kb1 Bd7 13. Nf4 O-O 14. Nh5
Nxh5 15. Qxh5 Bg5 16. Bf2 f5 17. h4 Be8 18. Qe2 Bf6 19. Qxe6+ Bf7 20. Qxf5 g6
21. Qg4 h5 22. Qg3 b5 23. Bxg6 Qa5 24. Bxh5+ Bg7 25. Bxf7+ Rxf7 26. Qb3 Raf8
27. Be3 Qc7 28. Rxf7 Rxf7 29. Rf1 b4 30. Qxf7+ Qxf7 31. Rxf7 Kxf7 32. c3 a5 33.
Kc2 Bf8 34. Kd3 Ke6 35. Ke4 Kf7 36. Kf5 Kg7 37. g4 Be7 38. g5 bxc3 39. bxc3 a4
40. h5 a3 41. g6 Bf8 42. h6+ Kg8 43. g7 Bxg7 44. hxg7 Kxg7 45. Bc1 Kf7 46. Bxa3
Ke8 47. Ke6 1-0

[Event "Eastern Ontario op"]
[Site "Ottawa CAN"]
[Date "1973.06.30"]
[Round "2"]
[White "Morenz, Robert"]
[Black "Brodie, Hugh"]
[Result "0-1"]
[WhiteElo "1700"]
[BlackElo "1800"]
[PlyCount "100"]
[EventDate "1973.06.30"]
[EventType "swiss"]
[EventRounds "6"]
[EventCountry "CAN"]

1. e4 c5 2. Nf3 d6 3. d4 cxd4 4. Nxd4 Nf6 5. Nc3 g6 6. Be2 Bg7 7. Be3 O-O 8.
Qd2 Nc6 9. Nb3 Ng4 10. Bxg4 Bxg4 11. h3 Bd7 12. O-O-O Na5 13. Nxa5 Qxa5 14. g4
Rfc8 15. Nd5 Qxa2 16. Nxe7+ Kh8 17. Qd4 Rc4 18. Qd3 Qxb2+ 19. Kd2 Bb5 20. Rb1
Bc3+ 21. Ke2 Rb4 22. Rxb2 Rxb2 23. Qxb5 Rxb5 24. Kd3 Bg7 25. f4 a5 26. h4 a4
27. h5 gxh5 28. gxh5 h6 29. Rg1 a3 30. f5 a2 31. f6 Bxf6 32. Nf5 Rxf5 33. exf5
a1=Q 34. Rxa1 Rxa1 35. Bxh6 Rh1 36. Bf8 Rxh5 37. Ke4 Rh4+ 38. Ke3 Be5 39. Be7
f6 40. Kd3 Rf4 41. c4 Rxf5 42. Ke4 Rf4+ 43. Kd5 Rd4+ 44. Ke6 Rxc4 45. Bxf6+
Bxf6 46. Kd5 Rc1 47. Ke6 b5 48. Kf5 b4 49. Kg6 Re1 50. Kh6 b3 0-1

[Event "Eastern Ontario op"]
[Site "Ottawa CAN"]
[Date "1973.07.01"]
[Round "3"]
[White "Brodie, Hugh"]
[Black "Hara, Dan"]
[Result "1/2-1/2"]
[WhiteElo "1800"]
[BlackElo "1512"]
[PlyCount "35"]
[EventDate "1973.06.30"]
[EventType "swiss"]
[EventRounds "6"]
[EventCountry "CAN"]

1. d4 Nf6 2. Nc3 d5 3. e4 Nxe4 4. Nxe4 dxe4 5. f3 e5 6. Be3 exd4 7. Bxd4 Nc6 8.
Bb5 Bd7 9. Bc3 Qg5 10. Qe2 O-O-O 11. Bd2 Qc5 12. O-O-O Nd4 13. Bxd7+ Rxd7 14.
Qxe4 f5 15. Qe8+ Rd8 16. Qa4 Qc6 17. Qxc6 Nxc6 18. Ne2 1/2-1/2

[Event "Eastern Ontario op"]
[Site "Ottawa CAN"]
[Date "1973.07.01"]
[Round "4"]
[White "Traynor, M."]
[Black "Brodie, Hugh"]
[Result "0-1"]
[WhiteElo "1600"]
[BlackElo "1800"]
[PlyCount "64"]
[EventDate "1973.06.30"]
[EventType "swiss"]
[EventRounds "6"]
[EventCountry "CAN"]

1. c4 e5 2. Nc3 Nc6 3. Nf3 d6 4. d4 exd4 5. Nxd4 g6 6. e4 Bg7 7. Be3 Nf6 8. Be2
O-O 9. O-O Re8 10. f3 Be6 11. Nxe6 fxe6 12. Bg5 h6 13. Bh4 g5 14. Bf2 Qe7 15.
Qb3 Ne5 16. Rfe1 a6 17. Rad1 Ng6 18. Bf1 g4 19. Ne2 gxf3 20. gxf3 Nh5 21. Ng3
Nhf4 22. Ne2 Kh7 23. Kh1 Rg8 24. Bg2 Be5 25. Nxf4 Nxf4 26. Bg3 Nxg2 27. Kxg2
Qh4 28. f4 Qxf4 29. Kh1 Qg4 30. Qe3 Raf8 31. Rf1 Bxg3 32. hxg3 Qh3+ 0-1

[Event "Eastern Ontario op"]
[Site "Ottawa CAN"]
[Date "1973.07.02"]
[Round "5"]
[White "Horvat, Miro"]
[Black "Brodie, Hugh"]
[Result "1-0"]
[WhiteElo "2100"]
[BlackElo "1800"]
[PlyCount "55"]
[EventDate "1973.06.30"]
[EventType "swiss"]
[EventRounds "6"]
[EventCountry "CAN"]

1. e4 c5 2. f4 d6 3. Nf3 g6 4. Be2 Bg7 5. O-O Nc6 6. Kh1 Nf6 7. Nc3 O-O 8. d3
Ne8 9. Be3 f5 10. d4 cxd4 11. Nxd4 fxe4 12. Nxe4 Nf6 13. Ng5 Nxd4 14. Bxd4 Qc7
15. c3 h6 16. Qb3+ d5 17. Bxf6 hxg5 18. Bxg5 e6 19. Bd3 Kh7 20. Qc2 Qf7 21. Qe2
Kg8 22. Qc2 Kh7 23. Rf3 e5 24. fxe5 Bf5 25. Bxf5 gxf5 26. Bf6 Bxf6 27. Qxf5+
Kg8 28. exf6 1-0

[Event "Eastern Ontario op"]
[Site "Ottawa CAN"]
[Date "1973.07.02"]
[Round "6"]
[White "Brodie, Hugh"]
[Black "Henry, John"]
[Result "1/2-1/2"]
[WhiteElo "1800"]
[BlackElo "1600"]
[PlyCount "63"]
[EventDate "1973.06.30"]
[EventType "swiss"]
[EventRounds "6"]
[EventCountry "CAN"]

1. f4 d5 2. b3 Nf6 3. Nf3 c5 4. e3 Nc6 5. Bb5 Qc7 6. Bb2 a6 7. Bxc6+ bxc6 8.
O-O g6 9. Nc3 Bg7 10. Ne2 O-O 11. Qe1 Re8 12. Qh4 Bg4 13. h3 Bxf3 14. Rxf3 Nd7
15. Bxg7 Kxg7 16. f5 Ne5 17. Rf2 f6 18. Nf4 Qd6 19. Ne6+ Kh8 20. d4 gxf5 21.
Nxc5 Ng6 22. Qh6 e6 23. Nd3 Re7 24. Nf4 Rg8 25. Nxg6+ Rxg6 26. Qf8+ Rg8 27.
Qxf6+ Rgg7 28. Rf4 Re8 29. Qh4 Reg8 30. Qf6 Rf8 31. Qh4 Rfg8 32. Qf6 1/2-1/2

[Event "St-Jean"]
[Site "Montreal CAN"]
[Date "1973.06.23"]
[Round "1"]
[White "Brodie, Hugh"]
[Black "Castonguay, Rejean"]
[Result "1-0"]
[WhiteElo "1800"]
[BlackElo "1650"]
[PlyCount "97"]
[EventDate "1973.06.23"]
[EventType "swiss"]
[EventRounds "6"]
[EventCountry "CAN"]

1. d4 Nf6 2. Nc3 d5 3. e4 e6 4. Bg5 Bb4 5. e5 h6 6. Bd2 Bxc3 7. bxc3 Ne4 8. Qg4
g6 9. Bd3 h5 10. Qe2 Nxd2 11. Qxd2 Qe7 12. Nf3 c5 13. O-O c4 14. Be2 Nd7 15. a4
h4 16. h3 Qd8 17. a5 b6 18. axb6 Nxb6 19. Qf4 Nd7 20. Ng5 Qe7 21. Ra2 f6 22.
exf6 Nxf6 23. Rfa1 Rf8 24. Qc1 a6 25. Qb2 Nd7 26. Nf3 Rf5 27. Qb4 Qf6 28. Qd6
Rb8 29. Ne5 Rb6 30. Qc7 Qd8 31. Qxd8+ Kxd8 32. Nxg6 e5 33. Nxh4 Rf4 34. g3 Rf8
35. Bg4 e4 36. Ra5 Bb7 37. Bxd7 Kxd7 38. Ng2 Rbf6 39. Nf4 Rxf4 40. gxf4 Rxf4
41. Kg2 Ke7 42. Rh1 Kf6 43. h4 Rf3 44. Rh3 Rxh3 45. Kxh3 Kf5 46. Kg3 Kg6 47.
Rc5 Ba8 48. Kg4 Bb7 49. Rc7 1-0

[Event "St-Jean"]
[Site "Montreal CAN"]
[Date "1973.06.23"]
[Round "2"]
[White "Schlosser, Emil"]
[Black "Brodie, Hugh"]
[Result "1-0"]
[WhiteElo "2150"]
[BlackElo "1800"]
[PlyCount "73"]
[EventDate "1973.06.23"]
[EventType "swiss"]
[EventRounds "6"]
[EventCountry "CAN"]

1. c4 e5 2. Nc3 Nc6 3. g3 d6 4. Bg2 g6 5. Rb1 Bg7 6. b4 a6 7. e3 f5 8. Nge2 Nf6
9. d4 O-O 10. O-O Ne7 11. Qb3 Kh8 12. Rd1 e4 13. b5 axb5 14. Qxb5 d5 15. a4
dxc4 16. d5 Ng4 17. Ba3 Ne5 18. Nd4 b6 19. Nc6 N5xc6 20. dxc6 Qe8 21. Qxc4 Ba6
22. Nb5 Bxb5 23. Qxb5 Rf7 24. Rd7 Ng8 25. Rbd1 Nf6 26. R7d2 Ng4 27. Bf1 Ne5 28.
Rd5 h6 29. Bc4 Nxc4 30. Qxc4 Rf6 31. Rd7 Re6 32. Rxc7 Be5 33. Rcd7 Rc8 34. c7
Bxc7 35. Rxc7 Rxc7 36. Qxc7 Qxa4 37. Bb2+ 1-0

[Event "St-Jean"]
[Site "Montreal CAN"]
[Date "1973.06.24"]
[Round "3"]
[White "Brodie, Hugh"]
[Black "Gagnon, Robert"]
[Result "1-0"]
[WhiteElo "1800"]
[BlackElo "1500"]
[PlyCount "59"]
[EventDate "1973.06.23"]
[EventType "swiss"]
[EventRounds "6"]
[EventCountry "CAN"]

1. d4 Nf6 2. Nc3 d5 3. e4 Nxe4 4. Nxe4 dxe4 5. f3 Bf5 6. Bc4 exf3 7. Qxf3 Qxd4
8. Qxf5 e6 9. Qd3 Bc5 10. Qxd4 Bxd4 11. Nf3 Bb6 12. Bf4 O-O 13. O-O-O Re8 14.
Ne5 c5 15. Bb5 Re7 16. Nc4 Nc6 17. Nxb6 axb6 18. a3 Nd4 19. Bd6 Nxb5 20. Bxe7
Nd4 21. c3 Nc6 22. Rd7 Re8 23. Rhd1 h6 24. Bd6 e5 25. Rxb7 e4 26. Rxb6 Ne5 27.
Rb8 Rxb8 28. Bxb8 Nd3+ 29. Rxd3 exd3 30. a4 1-0

[Event "St-Jean"]
[Site "Montreal CAN"]
[Date "1973.06.24"]
[Round "4"]
[White "Mingarelli, Marco"]
[Black "Brodie, Hugh"]
[Result "0-1"]
[WhiteElo "1500"]
[BlackElo "1800"]
[PlyCount "94"]
[EventDate "1973.06.23"]
[EventType "swiss"]
[EventRounds "6"]
[EventCountry "CAN"]

1. g3 e5 2. Bg2 Nc6 3. b3 d6 4. Bb2 f5 5. e3 Nf6 6. Ne2 g6 7. d4 e4 8. a3 Bg7
9. Ra2 O-O 10. d5 Ne7 11. c4 g5 12. h4 h6 13. hxg5 hxg5 14. Bxf6 Rxf6 15. Nd4
g4 16. Ne6 Bxe6 17. dxe6 Rxe6 18. Rd2 Qe8 19. Bf1 Rd8 20. c5 Rf6 21. Bc4+ Kf8
22. Kf1 Nc6 23. Nc3 Ne5 24. Nd5 Nxc4 25. bxc4 Rf7 26. Nf4 Rfd7 27. Rh5 Qf7 28.
Rd5 Be5 29. Rg5 c6 30. Ng6+ Ke8 31. Nxe5 dxe5 32. Rxe5+ Re7 33. Rxe7+ Kxe7 34.
Qb3 Kf6 35. Rh5 Qxh5 36. Qc3+ Kg6 37. Ke2 Qh1 38. Qc2 Rh8 39. Kd2 Qf1 40. Kc3
Qd3+ 41. Qxd3 exd3 42. Kxd3 Rd8+ 43. Kc2 Kf6 44. a4 Ke5 45. a5 a6 46. Kc3 Ke4
47. Kc2 Kf3 0-1

[Event "St-Jean"]
[Site "Montreal CAN"]
[Date "1973.06.25"]
[Round "5"]
[White "Sienkiewicz, Igor"]
[Black "Brodie, Hugh"]
[Result "1/2-1/2"]
[WhiteElo "1950"]
[BlackElo "1800"]
[PlyCount "132"]
[EventDate "1973.06.23"]
[EventType "swiss"]
[EventRounds "6"]
[EventCountry "CAN"]

1. d4 Nf6 2. Nf3 e6 3. c4 b6 4. g3 Bb7 5. Bg2 Be7 6. Nc3 O-O 7. Qc2 c5 8. d5
exd5 9. Ng5 Na6 10. cxd5 g6 11. a3 Nc7 12. e4 Nfxd5 13. Nxd5 Nxd5 14. Nxf7 Rxf7
15. exd5 Bd6 16. O-O Ba6 17. Re1 Qf6 18. Be3 Raf8 19. Rad1 Qf5 20. Qxf5 Rxf5
21. Bh3 R5f7 22. Be6 dxe6 23. dxe6 Rf6 24. Rxd6 Re8 25. Bxc5 Bc4 26. e7 Rxd6
27. Bxd6 Kf7 28. f4 Bb5 29. h3 Rc8 30. b3 Be8 31. Kf2 Rc6 32. Bb8 a6 33. Ba7 b5
34. b4 Rc2+ 35. Kf3 Rc3+ 36. Kg4 Rxa3 37. Bc5 Bd7+ 38. Kh4 Rc3 39. e8=Q+ Bxe8
40. Re7+ Kf8 41. Rxh7+ Kg8 42. Ra7 Ra3 43. Bb6 Rb3 44. Ba5 Bf7 45. Rxa6 Rd3 46.
Ra8+ Kg7 47. Bc7 Kf6 48. Be5+ Ke7 49. Rb8 Be8 50. Rb6 Rd5 51. g4 Kf7 52. Kg5
Ke7 53. h4 Bf7 54. h5 gxh5 55. gxh5 Rd1 56. Bf6+ Kf8 57. Rb8+ Be8 58. h6 Rh1
59. Bg7+ Kf7 60. Rb7+ Kg8 61. Kf6 Rg1 62. f5 Re1 63. Re7 Rxe7 64. Kxe7 Bh5 65.
f6 Bg6 66. h7+ Kxh7 1/2-1/2

[Event "St-Jean"]
[Site "Montreal CAN"]
[Date "1973.06.25"]
[Round "6"]
[White "Brodie, Hugh"]
[Black "Labelle, Jacques"]
[Result "0-1"]
[WhiteElo "1800"]
[BlackElo "2150"]
[PlyCount "44"]
[EventDate "1973.06.23"]
[EventType "swiss"]
[EventRounds "6"]
[EventCountry "CAN"]

1. d4 Nf6 2. Nc3 d5 3. e4 dxe4 4. f3 exf3 5. Qxf3 Qxd4 6. Be3 Qg4 7. Qf2 e6 8.
Nf3 Bb4 9. Rd1 Ne4 10. Qg1 Nxc3 11. bxc3 Bxc3+ 12. Kf2 Nd7 13. Be2 Nf6 14. Nd4
Qe4 15. Bf3 Ng4+ 16. Ke2 Qxe3+ 17. Qxe3 Nxe3 18. Kxe3 Bxd4+ 19. Rxd4 e5 20. Rd2
c6 21. Rhd1 Ke7 22. g4 Be6 0-1

[Event "Ontario op"]
[Site "Toronto CAN"]
[Date "1973.05.19"]
[Round "1"]
[White "Daniels, Nick"]
[Black "Brodie, Hugh"]
[Result "1-0"]
[WhiteElo "1600"]
[BlackElo "1800"]
[PlyCount "71"]
[EventDate "1973.05.19"]
[EventType "swiss"]
[EventRounds "6"]
[EventCountry "CAN"]

1. e4 c5 2. Nf3 d6 3. d4 cxd4 4. Nxd4 Nf6 5. Nc3 g6 6. f4 Nbd7 7. Be3 Bg7 8.
Be2 O-O 9. O-O Nc5 10. Bf3 Rb8 11. g4 a6 12. g5 Nfd7 13. f5 Ne5 14. h4 b5 15.
Bg2 Bb7 16. Nd5 Bxd5 17. exd5 b4 18. Bf4 Ncd7 19. h5 Qb6 20. Kh1 Rbc8 21. fxg6
hxg6 22. Be3 Nc4 23. Bg1 Nxb2 24. Qg4 Qb7 25. hxg6 Ne5 26. gxf7+ Rxf7 27. Qh5
Bf6 28. gxf6 Rh7 29. f7+ Nxf7 30. Qxh7+ Kxh7 31. Rxf7+ Kg6 32. Raf1 Rh8+ 33.
Bh2 Rh4 34. Ne6 Qb5 35. Rg7+ Kh6 36. Rf8 1-0

[Event "Ontario op"]
[Site "Toronto CAN"]
[Date "1973.05.19"]
[Round "2"]
[White "Brodie, Hugh"]
[Black "Abbott, John"]
[Result "1-0"]
[WhiteElo "1800"]
[BlackElo "1600"]
[PlyCount "49"]
[EventDate "1973.05.19"]
[EventType "swiss"]
[EventRounds "6"]
[EventCountry "CAN"]

1. e4 d6 2. d4 Nf6 3. Nc3 g6 4. f4 c6 5. Nf3 Bg7 6. Bd3 Nbd7 7. O-O b6 8. h3
Bb7 9. Be3 Qc7 10. a4 c5 11. d5 O-O 12. Nb5 Qb8 13. c4 Ne8 14. Qd2 a6 15. Nc3
e6 16. f5 exf5 17. exf5 Ne5 18. Nxe5 Bxe5 19. Bh6 Bg7 20. Ne4 Qd8 21. Bxg7 Nxg7
22. f6 Nh5 23. Qh6 Qd7 24. Ng5 Nxf6 25. Rxf6 1-0

[Event "Ontario op"]
[Site "Toronto CAN"]
[Date "1973.05.20"]
[Round "3"]
[White "McKenna, M."]
[Black "Brodie, Hugh"]
[Result "0-1"]
[WhiteElo "1700"]
[BlackElo "1800"]
[PlyCount "134"]
[EventDate "1973.05.19"]
[EventType "swiss"]
[EventRounds "6"]
[EventCountry "CAN"]

1. e4 c5 2. Nf3 d6 3. Bc4 a6 4. c3 Nf6 5. d3 e6 6. Be3 b5 7. Bb3 Bb7 8. Nbd2
Be7 9. c4 O-O 10. O-O Ng4 11. Qe2 Nxe3 12. Qxe3 Nd7 13. cxb5 axb5 14. d4 c4 15.
Bc2 Nf6 16. Rfe1 Qc7 17. h3 Rfc8 18. Qc3 d5 19. a3 dxe4 20. Nxe4 Nd5 21. Qd2 c3
22. bxc3 Nxc3 23. Nc5 Bxc5 24. Qxc3 Bxa3 25. Qxc7 Rxc7 26. Bb3 b4 27. Nd2 Rac8
28. Nb1 Bb2 29. Ra7 Bxd4 30. Ra4 Bc3 31. Nxc3 bxc3 32. Bc2 Bd5 33. Ra3 f6 34.
Re3 Kf7 35. f3 g6 36. Kf2 f5 37. Re1 Kf6 38. Ke3 Bb7 39. Rc1 e5 40. Rb1 Kg5 41.
Ra7 Ba8 42. Rxc7 Rxc7 43. Ra1 Bd5 44. Ra5 Rd7 45. Rc5 Kh4 46. Kf2 e4 47. fxe4
Bxe4 48. Bb3 Rd2+ 49. Ke1 Rxg2 50. Rxc3 Rg3 51. Rxg3 Kxg3 52. Bg8 h6 53. Bh7 f4
54. h4 Kxh4 55. Kf2 Kh3 56. Bg8 g5 57. Be6+ Kh2 58. Bg4 Bg6 59. Kf3 h5 60. Be6
Be8 61. Bd5 Bd7 62. Bf7 Bg4+ 63. Kf2 h4 64. Bd5 Bh5 65. Be4 g4 66. Bd5 g3+ 67.
Kf1 f3 0-1

[Event "Ontario op"]
[Site "Toronto CAN"]
[Date "1973.05.20"]
[Round "4"]
[White "Brodie, Hugh"]
[Black "Saulitis, G."]
[Result "1-0"]
[WhiteElo "1800"]
[BlackElo "1650"]
[PlyCount "145"]
[EventDate "1973.05.19"]
[EventType "swiss"]
[EventRounds "6"]
[EventCountry "CAN"]

1. e4 d5 2. d4 dxe4 3. Nc3 Nf6 4. f3 exf3 5. Nxf3 Bg4 6. Bc4 e6 7. Be3 g6 8.
O-O Bg7 9. Qd2 O-O 10. Ne5 Bf5 11. Bg5 Qd6 12. a4 Ne4 13. Nxe4 Bxe4 14. Bf4 Nc6
15. Nxc6 Qxc6 16. Bb3 Rad8 17. c3 Bd5 18. Bc2 Qb6 19. Kh1 a5 20. Rfe1 c5 21.
dxc5 Qxc5 22. Qe2 Bc4 23. Qe4 Bd5 24. Qe2 Qb6 25. Bd3 Qc6 26. Bb5 Qc8 27. Be3
Bc6 28. Bb6 Bxb5 29. axb5 Rd5 30. Rxa5 Re5 31. Qf2 Qc4 32. Rxe5 Bxe5 33. Qe3
Bc7 34. Bxc7 Qxc7 35. Ra4 Rd8 36. Rd4 Ra8 37. Qe2 Qc5 38. Rd1 Kg7 39. h3 Qg5
40. c4 Ra2 41. Rf1 Qg3 42. Qe4 Qc7 43. b4 e5 44. c5 f5 45. Qc4 Qf7 46. Qc3 Qd5
47. Qg3 Rb2 48. Re1 Rxb4 49. Rxe5 Rb1+ 50. Kh2 Qd7 51. Qg5 Kf7 52. Qh4 h5 53.
Qc4+ Kf6 54. Rd5 Qc7+ 55. Rd6+ Kg7 56. Qe6 Rxb5 57. Qxg6+ Kf8 58. Qxf5+ Kg8 59.
Qg5+ Kf8 60. Qf4+ Ke7 61. Qe5+ Kf7 62. Rf6+ Kg7 63. Qxc7+ Kxf6 64. Qf4+ Ke7 65.
Qe3+ Kf6 66. g4 hxg4 67. hxg4 Rb2+ 68. Kg3 Rb5 69. g5+ Kg7 70. Kf4 Rb4+ 71. Kf5
Rb1 72. Qe7+ Kg8 73. Kg6 1-0

[Event "Ontario op"]
[Site "Toronto CAN"]
[Date "1973.05.21"]
[Round "5"]
[White "Avery, Peter"]
[Black "Brodie, Hugh"]
[Result "0-1"]
[WhiteElo "1900"]
[BlackElo "1800"]
[PlyCount "74"]
[EventDate "1973.05.19"]
[EventType "swiss"]
[EventRounds "6"]
[EventCountry "CAN"]

1. d4 Nf6 2. e3 e6 3. Bd3 d5 4. Nd2 c5 5. c3 Nc6 6. f4 Bd6 7. Ngf3 cxd4 8. cxd4
Nb4 9. Bb1 Bd7 10. a3 Nc6 11. O-O Rc8 12. Ne5 O-O 13. g4 Ne8 14. g5 f5 15. Qh5
Bxe5 16. fxe5 Qe7 17. Nf3 Qf7 18. Qh3 Qg6 19. Kh1 Nc7 20. Rg1 Be8 21. Nh4 Qh5
22. Bc2 Qe2 23. Bd1 Qd3 24. Ng2 Nxd4 25. Qg3 Ne2 26. Bxe2 Qxe2 27. h4 Bh5 28.
a4 Bf3 29. b3 Na6 30. Ba3 Rfd8 31. Rae1 Bxg2+ 32. Rxg2 Qd3 33. Be7 Rd7 34. Bf6
Rc2 35. Rgg1 Qe4+ 36. Rg2 Rxg2 37. Qxg2 Qxh4+ 0-1

[Event "Ontario op"]
[Site "Toronto CAN"]
[Date "1973.05.21"]
[Round "6"]
[White "Bunning, Les"]
[Black "Brodie, Hugh"]
[Result "1/2-1/2"]
[WhiteElo "1750"]
[BlackElo "1800"]
[PlyCount "160"]
[EventDate "1973.05.19"]
[EventType "swiss"]
[EventRounds "6"]
[EventCountry "CAN"]

1. e4 c5 2. d4 cxd4 3. c3 dxc3 4. Nxc3 e6 5. Bc4 Nc6 6. Nf3 d6 7. O-O Nf6 8.
Bf4 Be7 9. Re1 O-O 10. Nb5 e5 11. Bg3 a6 12. Nc3 Bg4 13. h3 Bh5 14. Nd5 Nd4 15.
Nxf6+ Bxf6 16. Be2 Bxf3 17. Bxf3 Rc8 18. Rc1 Rxc1 19. Qxc1 Nxf3+ 20. gxf3 Qd7
21. Kg2 Rc8 22. Qd2 Rc4 23. Re3 Bg5 24. Qe2 Qc7 25. Rd3 Rc2 26. Qd1 Be7 27. Rb3
b5 28. Qd5 Qc6 29. Qxc6 Rxc6 30. f4 f6 31. a4 bxa4 32. Rb4 Rc2 33. Rxa4 Rxb2
34. Rxa6 Rb4 35. f3 Rb2+ 36. Kf1 Kf7 37. fxe5 dxe5 38. Rc6 Bb4 39. Rc1 Bd2 40.
Rd1 Ke7 41. Kg1 Rc2 42. Rf1 Rc1 43. Rxc1 Bxc1 44. Kg2 Kd6 45. Kf1 g6 46. Ke2 f5
47. exf5 gxf5 48. Be1 Bf4 49. Bh4 Ke6 50. Bd8 Kf7 51. Bh4 Kg6 52. Bd8 Kh5 53.
Be7 Bg5 54. Bd6 Bf6 55. Kf2 Kg6 56. Bc7 Kf7 57. Bd6 Ke6 58. Bc7 Kd5 59. Bb8 e4
60. fxe4+ fxe4 61. Bf4 Bd4+ 62. Ke2 Ke6 63. Bd2 Kf5 64. Kf1 Be5 65. Be3 Bf4 66.
Bd4 Bc1 67. Kg2 Kf4 68. Bc5 Be3 69. Bd6+ Kf5 70. Bf8 Ke5 71. Kf1 Kf4 72. Kg2
Bb6 73. Bh6+ Ke5 74. Kf1 Kd5 75. Ke2 Kc4 76. Bg5 Kc3 77. Be3 Bd4 78. Bh6 Kc4
79. Bg5 Kd5 80. Bf4 Be5 1/2-1/2

[Event "Toronto op"]
[Site "Toronto CAN"]
[Date "1973.04.20"]
[Round "1"]
[White "Brodie, Hugh"]
[Black "Arvaj, Paul"]
[Result "0-1"]
[WhiteElo "1800"]
[BlackElo "1900"]
[PlyCount "50"]
[EventDate "1973.04.20"]
[EventType "swiss"]
[EventRounds "6"]
[EventCountry "CAN"]

1. e4 e5 2. Nc3 Nf6 3. f4 d5 4. fxe5 Nxe4 5. Nf3 Nc6 6. d4 Be7 7. Bd3 f5 8.
exf6 Nxf6 9. Bg5 O-O 10. O-O Bg4 11. Ne2 Ne4 12. Bxe7 Qxe7 13. c3 Rad8 14. Qc2
Rd6 15. Ng3 Nxg3 16. hxg3 Qe3+ 17. Kh2 Bxf3 18. gxf3 Rxf3 19. Rxf3 Qxf3 20.
Bxh7+ Kh8 21. Bf5 g5 22. Re1 Rh6+ 23. Bh3 g4 24. Re8+ Kg7 25. Qg2 Rxh3+ 0-1

[Event "Toronto op"]
[Site "Toronto CAN"]
[Date "1973.04.20"]
[Round "2"]
[White "Marchant, M."]
[Black "Brodie, Hugh"]
[Result "1/2-1/2"]
[WhiteElo "1650"]
[BlackElo "1800"]
[PlyCount "43"]
[EventDate "1973.04.20"]
[EventType "swiss"]
[EventRounds "6"]
[EventCountry "CAN"]

1. b4 c6 2. Bb2 Qb6 3. a3 a5 4. c3 d5 5. e3 Nf6 6. Nf3 Bg4 7. Be2 Nbd7 8. d4 e6
9. Nbd2 Bd6 10. c4 Qd8 11. c5 Bc7 12. O-O O-O 13. b5 cxb5 14. Bxb5 Qe7 15. Rc1
e5 16. dxe5 Bxe5 17. Bxe5 Nxe5 18. Be2 Rfc8 19. Nxe5 Bxe2 20. Qxe2 Qxe5 21. Nf3
Qe7 22. Qb5 1/2-1/2

[Event "Toronto op"]
[Site "Toronto CAN"]
[Date "1973.04.21"]
[Round "3"]
[White "Brodie, Hugh"]
[Black "Padua, P."]
[Result "1-0"]
[WhiteElo "1800"]
[BlackElo "1600"]
[PlyCount "85"]
[EventDate "1973.04.20"]
[EventType "swiss"]
[EventRounds "6"]
[EventCountry "CAN"]

1. e4 b6 2. d4 Bb7 3. Bd3 Nc6 4. Be3 Nb4 5. c4 Nxd3+ 6. Qxd3 g6 7. Nc3 Bg7 8.
Nge2 e6 9. O-O-O Ne7 10. Kb1 a6 11. d5 exd5 12. cxd5 d6 13. Bd4 f6 14. Nf4 Bc8
15. Nce2 O-O 16. f3 Qe8 17. g4 Bd7 18. h4 Rc8 19. h5 g5 20. h6 Bh8 21. Nh5 Bb5
22. Qd2 Bxe2 23. Qxe2 Ng6 24. Rdf1 Qa4 25. Qe3 c5 26. Bc3 Rce8 27. Ng3 Nf4 28.
Rd1 b5 29. b3 Qa3 30. Nf5 c4 31. Bb2 Qa5 32. Nxd6 cxb3 33. Qxb3 Re7 34. Nf5 Rd7
35. Rc1 Kf7 36. d6+ Ne6 37. Rc6 Re8 38. Rhc1 Kg6 39. Rc8 Rxc8 40. Rxc8 Rd8 41.
Rxd8 Qxd8 42. Qxe6 a5 43. d7 1-0

[Event "Toronto op"]
[Site "Toronto CAN"]
[Date "1973.04.21"]
[Round "4"]
[White "Ryan, S."]
[Black "Brodie, Hugh"]
[Result "1/2-1/2"]
[WhiteElo "1850"]
[BlackElo "1800"]
[PlyCount "140"]
[EventDate "1973.04.20"]
[EventType "swiss"]
[EventRounds "6"]
[EventCountry "CAN"]

1. d4 Nf6 2. c4 e5 3. dxe5 Ng4 4. Bf4 Nc6 5. Nf3 Bb4+ 6. Nbd2 Qe7 7. a3 Ngxe5
8. Nxe5 Nxe5 9. e3 Bxd2+ 10. Qxd2 d6 11. Be2 O-O 12. O-O Be6 13. Rfc1 Rad8 14.
Qc3 Ng6 15. Bg3 f5 16. Bf3 c6 17. b4 f4 18. exf4 Nxf4 19. Re1 g5 20. Re3 Qd7
21. Rd1 Bg4 22. Bxg4 Qxg4 23. Rde1 Rd7 24. h3 Qf5 25. Qd4 a6 26. Bxf4 Qxf4 27.
Re4 Qf7 28. h4 h6 29. hxg5 hxg5 30. Re6 d5 31. Qd2 Qf4 32. Qxf4 Rxf4 33. cxd5
cxd5 34. Rg6+ Kf7 35. Rxg5 d4 36. Ree5 d3 37. Re1 d2 38. Rd1 Rc4 39. Rc5 Rxc5
40. bxc5 Ke6 41. Kf1 Rd5 42. Ke2 Rxc5 43. Rxd2 b5 44. Rd3 a5 45. f3 Rc2+ 46.
Kf1 b4 47. axb4 axb4 48. Rb3 Rc4 49. Ke1 Ke5 50. Kd2 Kf4 51. Kd3 Rc1 52. Rxb4+
Kg3 53. Rg4+ Kf2 54. Kd2 Rc8 55. Kd3 Re8 56. Re4 Rd8+ 57. Rd4 Re8 58. Rg4 Re7
59. f4 Re8 60. g3 Kf3 61. Rg5 Rd8+ 62. Kc4 Ke4 63. f5 Rc8+ 64. Kb5 Rf8 65. g4
Ke5 66. Rg6 Re8 67. Kc6 Re7 68. Rd6 Rf7 69. Re6+ Kf4 70. Kd6 Kxg4 1/2-1/2